| 000 | 00000cam 2200000zi 4500 |
| 001 | 9.955766 |
| 003 | CaOODSP |
| 005 | 20260604122140 |
| 006 | m o d f |
| 007 | cr cn||||||||| |
| 008 | 250925e202510 oncd ob f000 0 eng d |
| 020 | |a9780660791203 |
| 040 | |aCaOODSP|beng|erda|cCaOODSP |
| 043 | |an-cn--- |
| 086 | 1 |aT94-99/2025E-PDF |
| 245 | 00|aAudit of Housing, Infrastructure and Communities Canada's (HICC) procurement practices. |
| 264 | 1|a[Ottawa] : |bHousing, Infrastructure and Communities Canada = Logement, Infrastructures et Collectivités Canada, |cOctober 2025. |
| 300 | |a1 online resource (20 pages) : |bgraphs |
| 336 | |atext|btxt|2rdacontent |
| 337 | |acomputer|bc|2rdamedia |
| 338 | |aonline resource|bcr|2rdacarrier |
| 500 | |aCover title. |
| 500 | |aIssued also in French under title: Audit des pratiques exemplaires du ministère du Logement, des Infrastructures et des Collectivités. |
| 504 | |aIncludes bibliographical references. |
| 610 | 10|aCanada. |bHousing, Infrastructure and Communities Canada|xAuditing. |
| 650 | 0|aGovernment purchasing|zCanada|xManagement|xAuditing. |
| 710 | 1 |aCanada. |bHousing, Infrastructure and Communities Canada, |eissuing body. |
| 775 | 08|tAudit des pratiques exemplaires du ministère du Logement, des Infrastructures et des Collectivités.|w(CaOODSP)9.955767 |
| 856 | 40|qPDF|s550 KB|uhttps://publications.gc.ca/collections/collection_2026/licc-hicc/T94-99-2025-eng.pdf |
| 856 | 4 |qHTML|sN/A|uhttps://housing-infrastructure.canada.ca/pd-dp/ia-vi/2025/hicc-audit-procurement-practices-pratiques-achat-licc-2025-eng.html |